| 000 | 01185nam0a22002651 4500 | ||
|---|---|---|---|
| 001 | rc\2816456 | ||
| 005 | 20250806211246.0 | ||
| 035 | _a(NLR Aleph) 006942175 | ||
| 090 |
_a38935 _c38935 |
||
| 100 | _a20110915d1945 u y0rusy50 ca | ||
| 101 | 0 | _arus | |
| 102 | _aRU | ||
| 105 | _ay z ||||| | ||
| 200 | 1 |
_aГимнастика _eПравила соревнований _eУтв. Всес. ком-том по делам физкультуры и спорта при СНК СССР _fСоставитель: М. Е. Ганиза _gВсес. ком-т по делам физкультуры и спорта при СНК СССР |
|
| 210 |
_aМосква _cФизкультура и спорт _d1945 _gОбразцовая тип. и "Кр. знамя" |
||
| 215 |
_a39 с., без обл. _d14 см. |
||
| 700 | 1 |
_aГаниза _bМ.Е. _gМихаил Ефимович |
|
| 712 | 0 | 1 |
_aСССР _bКомитет по делам физкультуры и спорта |
| 801 | 0 |
_aRU _bNLR _gpsbo |
|
| 801 | 1 |
_aRU _bELAR _2rusmarc |
|
| 852 |
_aNLR _jФк02 Г-2/227 |
||
| 942 | _cBOOK | ||
| 945 | _aРоссийская национальная библиотека | ||
| 980 | _aNB | ||
| 980 | _aBV | ||